| 000 | 00564nam a2200205Ia 4500 | ||
|---|---|---|---|
| 005 | 20230330104429.0 | ||
| 008 | 131103s9999 xx 000 0 und d | ||
| 040 | _aLoreto College | ||
| 041 | _aEnglish | ||
| 082 |
_a822.91 _bSYN-KAU |
||
| 100 | _aSynge,J.M. | ||
| 245 |
_aRiders to the sea & the playboy of the western world _cJ.M.Synge;edited by R.K.Kaul |
||
| 260 |
_aDelhi _bOxford University Press _c1979 |
||
| 300 | _aix,127 p. | ||
| 504 | _aIncludes glossary | ||
| 650 | _aEnglish play | ||
| 700 | _aKaul,R.K.,ed. | ||
| 850 | _aLCLIB | ||
| 942 | _cBK | ||
| 999 |
_c4443 _d54922 |
||